| 000 | 01063cam a22003138a 4500 | ||
|---|---|---|---|
| 005 | 20260322212036.0 | ||
| 008 | data | ||
| 010 | _a 2010042586 | ||
| 020 | _a9780073378251 (hard copy : alk. paper) | ||
| 020 | _a0073378259 (hard copy : alk. paper) | ||
| 040 |
_aDLC _cDLC |
||
| 050 | 0 | 0 |
_aQP34.5 _b.S23 2012 |
| 082 | 0 | 0 |
_a612 _222 |
| 100 | 1 | _aSaladin, Kenneth S. | |
| 245 | 1 | 0 |
_aAnatomy & physiology : _bthe unity of form and function / _cKenneth S. Saladin. |
| 246 | 3 | 0 | _aAnatomy and physiology |
| 250 | _a6th ed. | ||
| 260 |
_aNew York, NY : _bMcGraw-Hill, _cc2012. |
||
| 263 | _a1101 | ||
| 300 | _ap. cm. | ||
| 500 | _aIncludes index. | ||
| 650 | 0 | _aHuman physiology. | |
| 650 | 0 | _aHuman anatomy. | |
| 906 |
_a7 _bcbc _corignew _d1 _eecip _f20 _gy-gencatlg |
||
| 925 | 0 |
_aacquire _b2 shelf copies _xpolicy default |
|
| 955 | _wrd13 2010-10-14 | ||
| 963 | _aKaren L. Storlie; phone: 563-584-6755; fax: 563-584-6700; email: [email protected]; bc: [email protected] | ||
| 001 | data | ||
| 999 |
_c837 _d837 |
||